000 00516nam a2200181Ia 4500
001 3245
005 20260306144906.0
008 260306t2012||||xx |||||||||||||| ||spa||
041 _aESP
082 _a262.91
_bJ81
100 _aJuan Pablo II, Papa
_eAUT
245 0 _aPastores dabo vobis:
_bsobre la formación de los sacerdotes en la situación actual. Exhortación apostólica postsinodal
260 _c2012
300 _a187 páginas :
_c20 cm.
650 _aGEN
654 _aCHU
942 _cLIB
_dJUS
_fJUS
_2ddc
_n
999 _c3245
_d3245